00581nam a2200157Ia 4500008004100000082002100041100001900062245005100081260003900132365000600171630005100177730005100228942000900279999001900288952011600307100415s9999 xx 000 0 und d b12395a599.74442 aGreiner James aThe Red Snow : Astory of the Alaskan Grey Wolf aNEW YORKc1980bST. MARTIN,S PRESS b0 aThe Red Snow : Astory of the Alaskan Grey Wolf aThe Red Snow : Astory of the Alaskan Grey Wolf cBOOK c595312d595309 00104070aBNHSbBNHSd1998-04-11g0.00l0o599.74442 12395pBNHS-12395r2010-04-15 00:00:00w2010-04-15yBOOK